000
00211nam a2200085Ia 4500
008
120527s9999 xx 000 0 und d
100
_a
Krogh, david
245
_a
Biology : a guide to the natural world
942
_c
BK
999
_c
27348
_d
27348